Bonte verhalen. (Record no. 5856)
[ view plain ]
| 000 -LEADER | |
|---|---|
| fixed length control field | 00834cam a22002291 4500 |
| 001 - CONTROL NUMBER | |
| control field | af 48003975 |
| 003 - CONTROL NUMBER IDENTIFIER | |
| control field | DLC |
| 005 - DATE AND TIME OF LATEST TRANSACTION | |
| control field | 20260227110905.0 |
| 008 - FIXED-LENGTH DATA ELEMENTS--GENERAL INFORMATION | |
| fixed length control field | 900205s1942 be 000 0 dut c |
| 010 ## - LIBRARY OF CONGRESS CONTROL NUMBER | |
| LC control number | af 48003975 |
| 035 ## - SYSTEM CONTROL NUMBER | |
| System control number | (OCoLC)21003546 |
| 040 ## - CATALOGING SOURCE | |
| Original cataloging agency | California. Univ. Libr. |
| Transcribing agency | CU |
| Modifying agency | DLC |
| 042 ## - AUTHENTICATION CODE | |
| Authentication code | premarc |
| 050 00 - LIBRARY OF CONGRESS CALL NUMBER | |
| Classification number | PF117 |
| Item number | .B6 1942 |
| 245 00 - TITLE STATEMENT | |
| Title | Bonte verhalen. |
| 250 ## - EDITION STATEMENT | |
| Edition statement | 2. druk. |
| 260 ## - PUBLICATION, DISTRIBUTION, ETC. | |
| Place of publication, distribution, etc. | Antwerpen, |
| Name of publisher, distributor, etc. | De Sikkel, |
| Date of publication, distribution, etc. | 1942. |
| 300 ## - PHYSICAL DESCRIPTION | |
| Extent | 47 p. |
| Dimensions | 21 cm. |
| 440 #0 - SERIES STATEMENT/ADDED ENTRY--TITLE | |
| Title | Lectuur in Basis-Nederlandsch, |
| Volume/sequential designation | 1 |
| 505 0# - FORMATTED CONTENTS NOTE | |
| Formatted contents note | De zaak Van Bottel, naar Tony Bergmann.--Het arme vrouwtje, naar Multatuli.--De burgers van Aken en de duivel, naar V. Hugo.--Peter Simpel en de kapitein, naar Marryat.--Van hemel en hel, naar Volkmann-Leander.--De dichter en zijn vriend, naar M. v. Bulow. |
| 650 #0 - SUBJECT ADDED ENTRY--TOPICAL TERM | |
| Topical term or geographic name entry element | Basic Dutch |
| General subdivision | Texts. |
No items available.